AHAx100 /

Salvato in:
Dettagli Bibliografici
Autori principali: Kompaník, Tomáš (Autore, Illustratore), Marcinová Júlia (Autore), Piešová, Zuzana (Autore)
Natura: Libro
Lingua:slovacco
inglese
Pubblicazione: Považská Bystrica : ahaslovakia, s.r.o., 2020
Edizione:1. vydanie
Soggetti:
Tags: Aggiungi Tag
Nessun Tag, puoi essere il primo ad aggiungerne!!

MARC

LEADER 00000nam a22000003a 4500
001 0100273
003 SK-STU
005 20230125134306.2
007 ta
008 230125s ----xo-----e------000-0-----d
020 |a 978-80-972946-8-7 
040 |a STU  |b slo 
041 0 |a slo  |a eng 
044 |a xo 
100 1 |a Kompaník, Tomáš  |4 aut  |4 ill 
245 1 0 |a AHAx100 /  |c aut. Tomáš Kompaník ; Marcinová Júlia, Zuzana Piešová 
250 |a 1. vydanie 
260 |a Považská Bystrica :  |b ahaslovakia, s.r.o.,  |c 2020 
300 |a 35 s.,  |b farebné ilustrácie; 100 voľ. listov 
650 0 7 |a textilné remeslá 
650 0 7 |a ornament 
650 0 7 |a vzory 
650 0 7 |a ľudový odev 
650 0 7 |a výšivky 
650 0 7 |a malé obce 
700 1 |a Marcinová Júlia  |r Z5  |4 lso  |4 aut 
700 1 |a Piešová, Zuzana  |4 lso  |4 aut 
996 |b 284AU09501  |c A* 12856/U  |l AAKNST  |s P  |a 0  |w 0100273_0001 
996 |b 284AU09502  |c A* 12857/U  |l AAKNAR  |s A  |a 24  |w 0100273_0002